| 000 | 01237nam a22002537a 4500 | ||
|---|---|---|---|
| 005 | 20250523163245.0 | ||
| 008 | 250523b |||||||| |||| 00| 0 eng d | ||
| 020 | _a978-81-965024-1-6 (hbk) | ||
| 037 | _cREF | ||
| 040 |
_aAL _cAL |
||
| 041 |
_2hin _ahin _hsan |
||
| 084 |
_aP15,Cx1,1,6 R3.1-.2 _qAL |
||
| 100 |
_aदीक्षित, भट्टोजी _9810515 |
||
| 245 | _aवैयाकरणसिद्धान्तकौमुदी | ||
| 260 |
_aपटना, भारत: _bसारस्वतम् पब्लिकैशन, _c2023. |
||
| 300 | _aभाग 1 (1पृ.-358पृ. ), भाग 2 (1पृ.-549पृ.) | ||
| 365 |
_b1850.00 _cINR |
||
| 440 | _vभाग 1 - 2 | ||
| 650 | _2संस्कृत भाषा | ||
| 700 |
_aकुमार, कुंदन _eसंपादक _9810516 |
||
| 700 |
_aराजहंस, गौतम कुमार _eसंपादक _9810517 |
||
| 942 |
_2CC _cREF _hP15,Cx1,1,6 R3.1-.2 _n0 |
||
| 999 |
_c1430987 _d1430987 |
||